El cólera y los medios de evitarlo / (Record no. 127880)

MARC details
000 -LEADER
campo de control de longitud fija 00653nam a2200193 4500
001 - NÚMERO DE CONTROL
campo de control 127880
003 - IDENTIFICADOR DE NÚMERO DE CONTROL
campo de control ES-MaACL
005 - FECHA Y HORA DE LA ÚLTIMA TRANSACCIÓN
campo de control 20230906193117.0
007 - CAMPO FIJO DE DESCRIPCIÓN FÍSICA--INFORMACIÓN GENERAL
campo de control de longitud fija t|
008 - DATOS DE LONGITUD FIJA--INFORMACIÓN GENERAL
campo de control de longitud fija 070214s1908 sp r ||||1| spa d
100 0# - ENTRADA PRINCIPAL--NOMBRE DE PERSONA
Nombre de persona Sánchez de Rivera y Mosét, Daniel.
9 (RLIN) 102596
245 13 - MENCIÓN DEL TÍTULO
Título El cólera y los medios de evitarlo /
Mención de responsabilidad, etc. S. Rivera y Moset.
260 ## - PUBLICACIÓN, DISTRIBUCIÓN, ETC.
Lugar de publicación, distribución, etc. Madrid :
Nombre del editor, distribuidor, etc. [s. n.],
Fecha de publicación, distribución, etc. 1908 (
Fabricante Imp. El trabajo)
300 ## - DESCRIPCIÓN FÍSICA
Extensión 16 p. ;
Dimensiones 15 cm.
500 ## - NOTA GENERAL
Nota general Precede al tít.: Universidad Popular de Madrid.
650 ## - PUNTO DE ACCESO ADICIONAL DE MATERIA--TÉRMINO DE MATERIA
Término de materia o nombre geográfico como elemento de entrada Cólera-
Subdivisión general Prevención.
9 (RLIN) 139264
710 2# - ENTRADA AGREGADA--NOMBRE DE ENTIDAD CORPORATIVA
Nombre de entidad corporativa o nombre de jurisdicción como elemento de entrada Universidad Popular de Madrid.
9 (RLIN) 7455
852 ## - LOCALIZACIÓN
Ubicación ES-MaACL
Número de control de estantería T-1145-F-1
Nota libre .- Ded. mas. del autor
Holdings
Estatus retirado Estado de pérdida Estado de daño No para préstamo Colección Biblioteca de origen Biblioteca actual Ubicación en estantería Fecha de adquisición Fuente de adquisición Total de préstamos Signatura topográfica completa Código de barras Visto por última vez Precio de reemplazo Tipo de ítem Koha
        Colección de folletos Biblioteca del Ateneo de Madrid Biblioteca del Ateneo de Madrid Depósito folletos 17/01/2008     T-1145-F-1 1133192 23/02/2023 23/02/2023 Folleto